| 000 | 00674nam a2200205 a 4500 | ||
|---|---|---|---|
| 005 | 20210219151041.0 | ||
| 008 | 991125c1998 mx 000 0 spa u | ||
| 020 | _a9681826868 | ||
| 035 | _aUPN01000026343 | ||
| 049 | _aCG | ||
| 050 | 4 | _aQA90 G63 | |
| 100 | 1 | _aGonzález Menéndez, Juan Américo | |
| 245 | 1 | 0 |
_aGráficas y ecuaciones empíricas : _banálisis e interpretación de datos experimentales / _cJuan Américo González Menéndez, J. C. Miguel Núñez Cabrera |
| 260 |
_aMéxico : _bLimusa, _c1998 |
||
| 300 |
_a148 p. : _bgráfs. |
||
| 650 | 4 | _aMETODOS GRAFICOS | |
| 700 | 2 |
_aNúñez Cabrera, J. C. Miguel, _ecoaut. |
|
| 904 |
_aAC _b026344 |
||
| 905 | _aLibro | ||
| 999 |
_c26343 _d26343 |
||